| 000 | 00951nam a2200229 i 4500 | ||
|---|---|---|---|
| 001 | bg | ||
| 245 | 0 | 0 |
_aProblemy systemów informacyjnych w zarządzaniu przedsiębiorstwem / _c[red. nauk. Adam Nowicki, Janusz Szopa]. |
| 260 |
_aCzęstochowa : _bWydaw. Wydziału Zarządzania Politechniki Częstochowskiej, _c2000. |
||
| 300 |
_a151, [1] s. : _brys. ; _c24 cm. |
||
| 490 | 1 |
_aPrace Wydziału Zarządzania Politechniki Częstochowskiej. Informatyka, Statystyka i Ekonometria, _x1640-5986 ; _v1 |
|
| 500 | _aStreszcz. ang. po art. | ||
| 504 | _aBibliogr. po art. | ||
| 650 | 9 |
_aInformacja dla zarządzania _xzagadnienia |
|
| 700 | 1 |
_aNOWICKI, Adam. _eRed. |
|
| 700 | 1 |
_aSZOPA, Janusz. _eRed. |
|
| 830 | 0 |
_aPrace Wydziału Zarządzania Politechniki Częstochowskiej. _pInformatyka, Statystyka i Ekonometria ; _v1 |
|
| 040 | _cBPK | ||
| 041 | 0 |
_apl _ben |
|
| 080 | _a658.1/.5.012.4:002.5 | ||
| 942 | _cKS | ||
| 008 | s pl f |000 0 pol | ||
| 999 |
_c39309 _d39309 |
||
| 856 |
_uhttp://koha.tu.koszalin.pl/cgi-bin/koha/opac-detail.pl?biblionumber=39309 _yKatalog online BPK |
||